LEADER 01188nam a2200253 i 4500 001 000000183503 003 CaOOAMICUS 005 20220502114736.0 008 091117s1976 be u000 u ger u 013 $a161471 040 $aSeMil$bita 100 1 $aKawerau, Peter,$d<1915-1988>.$0(OLS)http://semarc/name/10062 245 10$aBd.1, H.2: Glossar. 300 $aIX, 164 p. ;$c25 cm 490 1 $aCorpus Scriptorum Christianorum Orientalium ;$v374 490 1 $aCorpus Scriptorum Christianorum Orientalium. Subsidia ;$v50 773 0 $aKawerau, Peter <1915-1988>$tChristlich-Arabische Chrestomathie aus historischen schriftstellern des Mittelalters.$dLouvain : CorpusSCO, 1976-1977.$kCorpus Scriptorum Christianorum Orientalium. Subsidia$g[2$w()22447 830 0$aCorpus Scriptorum Christianorum Orientalium ;$v374.$0(OLS)http://semarc/title/77 830 0$aCorpus Scriptorum Christianorum Orientalium. Subsidia ;$v50.$0(OLS)http://semarc/title/9539 850 $aSeMil 852 $aSeMil$W1$xVenegono$y1$m2S III 374$j134203$B134203$CSeMilBibl$Z2$F145843 $81 961 $aOmaggio: Altro 996 $6245$aBd.1, H.2: Glossar$9(OLS)http://semarc/title/263396 LEADER 01209nam a2200289 i 4500 001 000000109992 003 CaOOAMICUS 005 20021119000000.0 008 021119s1983 it u000 u ita u 013 $a82673 020 $a88-215-0726-2 040 $aSeMil$bita 245 10$aPeccato e riconciliazione :$balla ricerca della grandezza /$c[scritti di] Alici ... [et al.] ; a cura di Jozef Tomko. 260 $aRoma :$bPaoline,$ccopyr. 1983. 300 $a146 p. ;$c21 cm. 500 $aFondo Card. C.M. Martini. 650 4$aPeccato.$0(OLS)http://semarc/subject/4432 650 4$aPenitenza .$0(OLS)http://semarc/subject/3014 700 1 $aTomko, Jozef .$0(OLS)http://semarc/name/22681 700 1 $aAlici, Luigi,$d<1950- >.$0(OLS)http://semarc/name/309 850 $aSeMil 852 $aSeMil$W1$xVenegono$y1$m2D III 75$j65916$B65916$CSeMilBibl$Z2$F97849 $81 941 1 $a4 961 $aOmaggio: Martini Card. Carlo Maria 996 $6020$a88-215-0726-2$9(OLS)http://semarc/number/91570 996 $6245$aPeccato e riconciliazione :$balla ricerca della grandezza$9(OLS)http://semarc/title/159803 996 $6260$aRoma :$bPaoline$9(OLS)http://semarc/publisher/29686